[Event "Llinars del Valles op 11th"]
[Site "Llinars del Valles"]
[Date "2017.06.03"]
[Round "7"]
[White "Gonzalez Cobos, Arnau"]
[Black "Guerrero Berrio, Bernabe"]
[Result "1-0"]
[WhiteElo "1475"]
[BlackElo "1849"]
[PlyCount "115"]
[EventDate "2017.04.22"]
[EventType "swiss"]
[EventRounds "9"]
[EventCountry "CAT"]
[SourceTitle "EXT 2018"]
[Source "ChessBase"]
[SourceDate "2017.10.13"]
[SourceVersion "1"]
[SourceVersionDate "2017.10.13"]
[SourceQuality "1"]

1. d4 e6 2. e4 d5 3. Bd3 dxe4 4. Bxe4 Nf6 5. Bf3 c5 6. Ne2 Nc6 7. Be3 Qb6 8. Nbc3 Bd7 9. Na4 Qa5+ 10. Nac3 Rd8 11. 0-0 cxd4 12. Nxd4 Nxd4 13. Bxd4 Bc6 14. Bxc6+ bxc6 15. Ne2 Bc5 16. Bc3 Qb6 17. Qe1 Qc7 18. Bxf6 gxf6 19. Qc3 Qe5 20. Qxe5 fxe5 21. Rad1 Ke7 22. Ng3 f5 23. h3 h5 24. c3 e4 25. b4 Bb6 26. Rfe1 e3 27. fxe3 Bxe3+ 28. Kf1 Bd2 29. Re2 Bxc3 30. Rxd8 Rxd8 31. Nxf5+ Kf6 32. Ng3 Rd1+ 33. Kf2 Bd4+ 34. Kf3 e5 35. Nxh5+ Kg5 36. g4 Rd3+ 37. Kg2 Kh4 38. Rc2 Rc3 39. Rxc3 Bxc3 40. a3 Bb2 41. a4 Ba3 42. b5 c5 43. a5 c4 44. b6 axb6 45. a6 c3 46. a7 c2 47. a8Q c1Q 48. Qd8+ Qg5 49. Qd3 Qe7 50. Qg3+ Kg5 51. h4+ Kg6 52. Qd3+ e4 53. Nf4+ Kf7 54. Qd5+ Ke8 55. Qa8+ Kf7 56. Qd5+ Ke8 57. Qc6+ Kf7 58. Qg6+ 1-0

[Event "Llinars del Valles op 11th"]
[Site "Llinars del Valles"]
[Date "2017.05.27"]
[Round "6"]
[White "Guerrero Berrio, Bernabe"]
[Black "Blesa Puig, Pau"]
[Result "1/2-1/2"]
[WhiteElo "1849"]
[BlackElo "1629"]
[PlyCount "79"]
[EventDate "2017.04.22"]
[EventType "swiss"]
[EventRounds "9"]
[EventCountry "CAT"]
[SourceTitle "EXT 2018"]
[Source "ChessBase"]
[SourceDate "2017.10.13"]
[SourceVersion "1"]
[SourceVersionDate "2017.10.13"]
[SourceQuality "1"]

1. d4 Nf6 2. c4 g6 3. Nc3 Bg7 4. e4 d6 5. f4 0-0 6. Nf3 c5 7. d5 b5 8. cxb5 a6 9. e5 Ne8 10. Bc4 axb5 11. Bxb5 Ba6 12. Bxa6 Nxa6 13. 0-0 Qb6 14. Qe2 Nec7 15. a3 Nb4 16. Rd1 Qb7 17. Qc4 Qa6 18. b3 dxe5 19. fxe5 Rfd8 20. Bf4 Qxc4 21. bxc4 Nc2 22. a4 Nxa1 23. Rxa1 Rdb8 24. Rc1 Rb4 25. Nb5 Nxd5 26. Bd2 Nb6 27. Bxb4 cxb4 28. c5 Nxa4 29. c6 Bh6 30. Rc4 b3 31. c7 Nc5 32. Na7 b2 33. Rb4 Be3+ 34. Kf1 Na6 35. Rxb2 Bxa7 36. Rb7 Be3 37. Ke2 Bh6 38. Ra7 Nxc7 39. Rxc7 Ra2+ 40. Kf1 1/2-1/2

[Event "Llinars del Valles op 11th"]
[Site "Llinars del Valles"]
[Date "2017.05.13"]
[Round "4"]
[White "Torras Coloma, Pau"]
[Black "Guerrero Berrio, Bernabe"]
[Result "1-0"]
[WhiteElo "1601"]
[BlackElo "1849"]
[PlyCount "81"]
[EventDate "2017.04.22"]
[EventType "swiss"]
[EventRounds "9"]
[EventCountry "CAT"]
[SourceTitle "EXT 2018"]
[Source "ChessBase"]
[SourceDate "2017.10.13"]
[SourceVersion "1"]
[SourceVersionDate "2017.10.13"]
[SourceQuality "1"]

1. d4 e6 2. c4 d5 3. Nc3 c5 4. cxd5 exd5 5. Nf3 Nc6 6. g3 Nf6 7. Bg2 Ne4 8. Nxe4 dxe4 9. Ng5 cxd4 10. Nxe4 Bb4+ 11. Bd2 0-0 12. 0-0 Re8 13. Rc1 d3 14. exd3 Qxd3 15. Bxb4 Nxb4 16. a3 Bf5 17. Nd6 Red8 18. Nxb7 Qxd1 19. Rfxd1 Rxd1+ 20. Rxd1 Na6 21. Nc5 Nxc5 22. Bxa8 Nd3 23. b4 h6 24. Bc6 Ne5 25. b5 Kf8 26. Rd8+ Ke7 27. Ra8 Nxc6 28. bxc6 Kd6 29. Rxa7 Be6 30. c7 Kd7 31. Kf1 Kc8 32. Ke1 Bd5 33. Ra5 Bc6 34. Re5 Bd7 35. Rc5 g6 36. Kd2 h5 37. Kc3 f5 38. Kb4 g5 39. a4 Kb7 40. a5 Bc8 41. Kc4 1-0

[Event "Roncana op-A 10th"]
[Site "Santa Eulalia de Roncana"]
[Date "2016.10.08"]
[Round "3"]
[White "Barcons Gallach, Alfonso"]
[Black "Guerrero Berrio, Bernabe"]
[Result "1/2-1/2"]
[WhiteElo "1894"]
[BlackElo "1786"]
[PlyCount "99"]
[EventDate "2016.09.24"]
[EventType "swiss"]
[EventRounds "8"]
[EventCountry "ESP"]
[SourceTitle "EXT 2018"]
[Source "ChessBase"]
[SourceDate "2017.10.13"]
[SourceVersion "1"]
[SourceVersionDate "2017.10.13"]
[SourceQuality "1"]

1. e4 e6 2. d4 d5 3. exd5 exd5 4. c4 Bb4+ 5. Nc3 Nf6 6. Bd3 0-0 7. Nge2 dxc4 8. Bxc4 Nbd7 9. 0-0 Nb6 10. Bb3 c6 11. Bg5 Be7 12. Ng3 h6 13. Be3 Nbd5 14. Bc1 Be6 15. Re1 Bb4 16. Bd2 Bd6 17. Nge4 Re8 18. Nxd6 Qxd6 19. Ne4 Nxe4 20. Rxe4 Bf5 21. Re1 Be6 22. Qf3 Nf6 23. Bxe6 Rxe6 24. Bc3 Rae8 25. Rxe6 Rxe6 26. g3 Qd5 27. Qxd5 Nxd5 28. Re1 Rxe1+ 29. Bxe1 Kf8 30. Kg2 Ke7 31. Kf3 Ke6 32. Bd2 h5 33. h4 b5 34. a3 Kf5 35. Bc3 f6 36. Bd2 g5 37. hxg5 fxg5 38. Ba5 g4+ 39. Ke2 Ke4 40. Bc3 Ne7 41. Bb4 Nf5 42. Bc5 Nxd4+ 43. Bxd4 Kxd4 44. f3 gxf3+ 45. Kxf3 Ke5 46. b4 a6 47. Ke3 Kf5 48. Kf3 Kg5 49. Kg2 Kg4 50. Kf2 1/2-1/2

[Event "Llinars del Valles op-B 10th"]
[Site "Llinars del Valles"]
[Date "2016.05.28"]
[Round "8"]
[White "Guiu Mesa, Jordi"]
[Black "Guerrero Berrio, Bernabe"]
[Result "0-1"]
[WhiteElo "1438"]
[BlackElo "1717"]
[PlyCount "68"]
[EventDate "2016.04.02"]
[EventType "swiss"]
[EventRounds "9"]
[EventCountry "ESP"]
[SourceTitle "CBM 172 Extra"]
[Source "ChessBase"]
[SourceDate "2016.06.21"]
[SourceVersion "1"]
[SourceVersionDate "2016.06.21"]
[SourceQuality "1"]

1. e4 e6 2. d4 d5 3. Nd2 Nf6 4. e5 Nfd7 5. Ngf3 c5 6. c3 Nc6 7. Be2 Qb6 8. Nb3 cxd4 9. cxd4 a5 10. Rb1 a4 11. Na1 Bb4+ 12. Kf1 Bc3 13. Nc2 a3 14. b3 Nb4 15. Nxb4 Qxb4 16. Bd2 0-0 17. Qc2 Bxd2 18. Qxd2 Qxd2 19. Nxd2 f6 20. Bg4 Re8 21. f4 Nb8 22. Be2 Rf8 23. b4 fxe5 24. dxe5 Rxf4+ 25. Nf3 Nc6 26. g3 Rf5 27. Kg2 Nxe5 28. Nd4 Rf6 29. Rhf1 Bd7 30. Rxf6 gxf6 31. Rb3 Nc4 32. Nc2 Ba4 33. Rc3 Bxc2 34. Bxc4 Be4+ 0-1

[Event "Llinars del Valles op-B 10th"]
[Site "Llinars del Valles"]
[Date "2016.05.21"]
[Round "7"]
[White "Guerrero Berrio, Bernabe"]
[Black "Oms Bruguera, Arnau"]
[Result "1-0"]
[WhiteElo "1717"]
[BlackElo "1553"]
[PlyCount "103"]
[EventDate "2016.04.02"]
[EventType "swiss"]
[EventRounds "9"]
[EventCountry "ESP"]
[SourceTitle "CBM 172 Extra"]
[Source "ChessBase"]
[SourceDate "2016.06.21"]
[SourceVersion "1"]
[SourceVersionDate "2016.06.21"]
[SourceQuality "1"]

1. d4 d5 2. c4 c6 3. Nc3 e6 4. Nf3 f5 5. cxd5 exd5 6. Bf4 Nf6 7. e3 Be7 8. Bd3 0-0 9. 0-0 Nbd7 10. Bxf5 Nh5 11. Be6+ Kh8 12. Be5 Nxe5 13. Nxe5 Bxe6 14. Qxh5 Rf6 15. Ne2 Qd6 16. f4 c5 17. f5 Rh6 18. fxe6 Rxh5 19. Nf7+ Kg8 20. Nxd6 Bxd6 21. Nf4 Rh6 22. g3 Bxf4 23. exf4 Rxe6 24. dxc5 a5 25. Rad1 Rd8 26. a3 Re4 27. Rfe1 Rc4 28. Rc1 Rxc1 29. Rxc1 Kf7 30. Re1 d4 31. Kf2 Kf6 32. b4 axb4 33. axb4 Ra8 34. Rd1 Rd8 35. Kf3 h5 36. h3 g5 37. g4 hxg4+ 38. hxg4 gxf4 39. Kxf4 Rd5 40. Rd3 Ke6 41. Ke4 Rg5 42. Kxd4 Rxg4+ 43. Kc3 Rg7 44. Rd6+ Ke5 45. Kc4 Rf7 46. Kb5 Re7 47. Kb6 Rf7 48. b5 Re7 49. Rd8 Ke6 50. Rb8 Kd5 51. Rc8 Ke6 52. Rc7 1-0

[Event "Llinars del Valles op-B 10th"]
[Site "Llinars del Valles"]
[Date "2016.04.30"]
[Round "5"]
[White "Guerrero Berrio, Bernabe"]
[Black "Garcia Payas, Alex"]
[Result "0-1"]
[WhiteElo "1717"]
[BlackElo "1597"]
[PlyCount "54"]
[EventDate "2016.04.02"]
[EventType "swiss"]
[EventRounds "9"]
[EventCountry "ESP"]
[SourceTitle "CBM 172 Extra"]
[Source "ChessBase"]
[SourceDate "2016.06.21"]
[SourceVersion "1"]
[SourceVersionDate "2016.06.21"]
[SourceQuality "1"]

1. d4 Nf6 2. c4 e6 3. Nc3 Bb4 4. Qc2 0-0 5. Nf3 b6 6. a3 Bxc3+ 7. Qxc3 Ne4 8. Qc2 f5 9. Bf4 Bb7 10. Rd1 d6 11. e3 Nd7 12. Bd3 Ndf6 13. 0-0 Qe7 14. Ng5 e5 15. f3 exf4 16. fxe4 fxe4 17. Be2 Ng4 18. Bxg4 Qxg5 19. Be6+ Kh8 20. exf4 Rxf4 21. Rxf4 Qxf4 22. Rf1 Qe3+ 23. Qf2 Qxf2+ 24. Rxf2 Re8 25. d5 e3 26. Rf7 Ba6 27. Bd7 e2 0-1

[Event "Llinars del Valles op-B 10th"]
[Site "Llinars del Valles"]
[Date "2016.04.16"]
[Round "3"]
[White "Guerrero Berrio, Bernabe"]
[Black "Sola Montoya, Josep"]
[Result "1-0"]
[WhiteElo "1717"]
[BlackElo "1579"]
[PlyCount "53"]
[EventDate "2016.04.02"]
[EventType "swiss"]
[EventRounds "9"]
[EventCountry "ESP"]
[SourceTitle "CBM 172 Extra"]
[Source "ChessBase"]
[SourceDate "2016.06.21"]
[SourceVersion "1"]
[SourceVersionDate "2016.06.21"]
[SourceQuality "1"]

1. d4 d5 2. c4 e6 3. Nc3 c6 4. Nf3 dxc4 5. e4 b5 6. a3 Bb7 7. Be2 Be7 8. 0-0 Nf6 9. Bg5 Nbd7 10. e5 Nd5 11. Ne4 h6 12. Bxe7 Kxe7 13. Nd6 Qc7 14. Re1 Rhd8 15. Nd2 c3 16. bxc3 Nxc3 17. Qc2 Nxe2+ 18. Rxe2 Rg8 19. Nb3 Raf8 20. Nc5 Ba8 21. Rd1 g5 22. Re3 h5 23. Qh7 Rh8 24. Qg7 Rhg8 25. Qh6 Kd8 26. Nxf7+ Kc8 27. Qxe6 1-0

[Event "Llinars del Valles op-B 10th"]
[Site "Llinars del Valles"]
[Date "2016.04.09"]
[Round "2"]
[White "Gabarro Servitja, Adria"]
[Black "Guerrero Berrio, Bernabe"]
[Result "0-1"]
[WhiteElo "1411"]
[BlackElo "1717"]
[PlyCount "40"]
[EventDate "2016.04.02"]
[EventType "swiss"]
[EventRounds "9"]
[EventCountry "ESP"]
[SourceTitle "CBM 172 Extra"]
[Source "ChessBase"]
[SourceDate "2016.06.21"]
[SourceVersion "1"]
[SourceVersionDate "2016.06.21"]
[SourceQuality "1"]

1. e4 e6 2. d4 d5 3. Bd3 c5 4. exd5 exd5 5. Qe2+ Qe7 6. dxc5 Qxe2+ 7. Nxe2 Bxc5 8. Nbc3 Ne7 9. Nb5 Na6 10. Bf4 0-0 11. a3 Bf5 12. Nd6 Bxd3 13. cxd3 Bxd6 14. Bxd6 Rfe8 15. Kd2 Nf5 16. Bg3 Nc5 17. Rad1 Rac8 18. Nc3 d4 19. Ne2 Nb3+ 20. Ke1 Rc2 0-1

[Event "Llinars del Valles op-B 6th"]
[Site "Llinars del Valles"]
[Date "2012.05.19"]
[Round "6"]
[White "Hind Escolano, Ian"]
[Black "Guerrero Berrio, Bernabe"]
[Result "0-1"]
[WhiteElo "1692"]
[BlackElo "1856"]
[PlyCount "120"]
[EventDate "2012.04.14"]
[EventType "swiss"]
[EventRounds "9"]
[EventCountry "ESP"]
[SourceTitle "EXT 2013"]
[Source "ChessBase"]
[SourceDate "2012.11.22"]
[SourceVersion "1"]
[SourceVersionDate "2012.11.22"]
[SourceQuality "1"]

1. e4 e6 2. d3 c6 3. Nd2 d5 4. Ngf3 Nf6 5. g3 Bb4 6. c3 Ba5 7. Bg2 0-0 8. 0-0 c5 9. e5 Nfd7 10. d4 Nc6 11. Nb3 Bb6 12. Qc2 h6 13. Be3 cxd4 14. cxd4 f6 15. Bxh6 Rf7 16. Bf4 fxe5 17. dxe5 Rf5 18. Bh3 Ndxe5 19. Nxe5 Rxe5 20. Bxe5 Nxe5 21. Qe2 Qf6 22. Rac1 Bd7 23. Bg2 a6 24. Rfe1 Nc4 25. Rc2 Re8 26. Nc1 Bb5 27. a4 Bc6 28. b3 Nd6 29. Nd3 Nf5 30. Qe5 Nd4 31. Qxf6 gxf6 32. Rb2 Kf7 33. Kf1 e5 34. f3 Nf5 35. Bh1 Rh8 36. Ree2 Nxg3+ 37. hxg3 Rxh1+ 38. Kg2 Rg1+ 39. Kh2 Bd4 40. Nb4 Rd1 41. Rbc2 Bg1+ 42. Kg2 d4 43. Red2 Rxd2+ 44. Rxd2 Be3 45. Rd1 Ke6 46. Nxc6 bxc6 47. f4 e4 48. Kf1 Kd5 49. Ke2 Kc5 50. Rh1 Kb4 51. Rh6 Bg1 52. Rxf6 c5 53. Rxa6 Kxb3 54. f5 d3+ 55. Kd2 c4 56. Rd6 c3+ 57. Ke1 c2 58. Rc6 e3 59. Rb6+ Kxa4 60. Ra6+ Kb5 0-1

[Event "Roncana op-A 5th"]
[Site "Santa Eulalia de Roncana"]
[Date "2011.11.19"]
[Round "7"]
[White "Guerrero Berrio, Bernabe"]
[Black "Gonzalez Edo, David"]
[Result "0-1"]
[WhiteElo "1885"]
[BlackElo "1769"]
[PlyCount "98"]
[EventDate "2011.10.01"]
[EventType "swiss"]
[EventRounds "8"]
[EventCountry "ESP"]
[SourceTitle "EXT 2013"]
[Source "ChessBase"]
[SourceDate "2012.11.22"]
[SourceVersion "1"]
[SourceVersionDate "2012.11.22"]
[SourceQuality "1"]

1. d4 Nf6 2. c4 c5 3. d5 b5 4. a3 g6 5. Nc3 bxc4 6. e4 d6 7. Bxc4 Bg7 8. Nge2 0-0 9. 0-0 Nbd7 10. Bf4 Ng4 11. h3 Nge5 12. b3 Nxc4 13. bxc4 Nb6 14. Rc1 Nxc4 15. Qb3 Ne5 16. Bxe5 Bxe5 17. Ng3 Bd7 18. Nce2 Rb8 19. Qc2 Rb2 20. Qd1 Qa5 21. Qd3 Bb5 22. Qe3 Bxe2 23. Nxe2 Ra2 24. Rb1 Rxa3 25. Rb3 Rxb3 26. Qxb3 Qb4 27. Qd3 Rb8 28. f4 Bg7 29. g4 c4 30. Qe3 Qb6 31. Rf3 Qxe3+ 32. Rxe3 c3 33. e5 c2 34. Rc3 dxe5 35. Rxc2 exf4 36. Nxf4 Rb1+ 37. Kg2 Rb2 38. Rxb2 Bxb2 39. Nd3 Bd4 40. Kf3 a5 41. Nc1 Kf8 42. Ke4 Bc3 43. Kd3 Bb4 44. Kc4 Ke8 45. Nb3 Kd7 46. Nd4 Kd6 47. Nc6 e6 48. dxe6 Kxc6 49. exf7 Kd7 0-1